000 00396nam a2200145Ia 4500
005 20251222151316.0
008 251222s9999||||xx |||||||||||||| ||spa||
020 _a9789972573491
082 _a338.98/B38
100 _aBeltrán Barco, Arlette
245 0 _aEvaluación Social de Proyectos para Países en Desarrollo
250 _a2da. ed.
264 _bUniversidad del Pacífico
942 _cLIB
999 _c23529
_d23529